| 000 | 00990nas a2200337 4500 | ||
|---|---|---|---|
| 001 | BR0601885 | ||
| 003 | BR-BrBNA | ||
| 005 | 20231205105957.0 | ||
| 007 | ta | ||
| 008 | 230509b bl.|||p| |||| 00| 00por d | ||
| 040 |
_aBR-BrBNA _bpor _cBiblioteca Nacional de Agricultura |
||
| 041 | _a(En) | ||
| 072 | _aF30 | ||
| 100 | 1 | _aZucchi, M.I. | |
| 100 | 1 | _aPinheiro, J.B. | |
| 100 | 1 | _aChaves, L.J. | |
| 100 | 1 | _aCoelho, A.S.G. | |
| 100 | 1 | _aCouto, M.A. | |
| 100 | 1 | _aMorais, L.K. de | |
| 100 | 1 | _aVencovsky, R. | |
| 245 | 1 | _aGenetic structure and gene flow of Eugenia dysenterica natural populations | |
| 650 | _aCAGAITA | ||
| 650 | _aPOPULAÇÃO DE PLANTA | ||
| 650 | _aGENÉTICA VEGETAL | ||
| 650 | _aVARIAÇÃO GENÉTICA | ||
| 650 | _aMARCADOR MOLECULAR | ||
| 650 | _aCERRADO | ||
| 773 | 0 |
_tPesquisa Agropecuária Brasileira (Brazil) _xISSN 0100-204X _g(Oct 2005), v. 40(10) p. 975-980 _wBR0601885 |
|
| 909 |
_a202311 _bLúcia _c55 _dLúcia Elande |
||
| 942 |
_2AGRIS _n0 _cANA |
||
| 999 |
_c185647 _d185647 |
||